000 00666nam a2200217Ii 4500
003 JO-AjNU
008 230605s9999||||xx |||||||||||||| ||und||
017 _a1980/181
040 _aJO-AjNU
_bara
_erda
_cJO-AjNU
041 _aara
050 1 4 _aJF1358.T3.1980
100 3 _aالطماوى ، سليمان محمد ,
_eauthor
_938944
245 0 0 _aمبادئ علم الإدارة العامة
250 _aط6
264 3 1 _aالقاهرة : دار الفكر العربي ، 1979
300 _a546ص
336 _atext
_btxt
_2rdacontent
337 _aunmediated
_bn
_2rdamedia
338 _avolume
_bnc
_2rdacarrier
650 4 _aادارة عامة
_938945
999 _aA16406
_c19974
_d19974